Inversiones institucionales en las Cajas de Ahorros españolas : un estudio comparativo elaborado / por el Gabinete de Estudios de la Caja de Ahorros Provincial de Barcelona un estudio comparativo elaborado / por el Gabinete de Estudios de la Caja de Ahorros Provincial de Barcelona
Descripción Física:
95 p. ; 24 cm
MARC
| LEADER | 00000nam a2200000Ia 4500 | ||
|---|---|---|---|
| 001 | 847 | ||
| 008 | 160829s1976 xx 000 0 cat d | ||
| 080 | |a M-1-294 | ||
| 100 | |a Caixa Catalunya | ||
| 245 | |a Inversiones institucionales en las Cajas de Ahorros españolas : |b un estudio comparativo elaborado / por el Gabinete de Estudios de la Caja de Ahorros Provincial de Barcelona | ||
| 260 | |a [Barcelona : |b l'Entitat], |c 1976 | ||
| 300 | |a 95 p. ; |c 24 cm | ||
| 650 | |a Caixes d'estalvis |x Espanya |9 31640 | ||
| 650 | |a Inversions |x Espanya |9 31641 | ||
| 901 | |a Arxiu | ||
| 942 | |n 1 | ||
| 952 | |0 0 |1 0 |4 0 |6 M1294 |7 1 |9 45703 |a Arxiu |b Arxiu |d 2016-12-01 |l 0 |o M-1-294 |p 847 |r 2016-12-01 00:00:00 |w 2016-12-01 |y ARXIU | ||
| 999 | |c 49203 |d 49203 | ||